000 00722nam a22001697a 4500
999 _c60873
_d60873
005 20231113154747.0
008 231113s1961 ru ||||| |||| 00| 0 rus d
041 _arus
080 _a7:069 Г-67
100 _aГорбунова, К.С.
_920358
245 _aМастера греческих расписных ваз /
_cК.С. Горбунова, А.А. Передольская.
264 _a Л.:
_bИзд-во Гос. Эрмитажа,
_c1961.
300 _a116 стр.:
_bил.;
_c22 см.
653 _aბერძნული მოხატული ვაზების ოსტატები.
700 _aПередольская, А.А.
_eავტორი
_920359
942 _2udc
_cᲬᲘᲒᲜᲘ